| 000 | 01242nac a2200385 i 4500 | ||
|---|---|---|---|
| 003 | EG-ScBUE | ||
| 005 | 20241128101049.0 | ||
| 006 | m||||fq||h 00| 0 | ||
| 008 | 150824t2008 caua f b 001 0 eng d | ||
| 020 | _a0321484088 | ||
| 020 | _a9780321484086 | ||
| 035 | _a(OCoLC)ocm65538664 | ||
| 035 | _a(OCoLC)65538664 | ||
| 040 |
_aEG-Sc BUE _beng _erda _cEG-Sc BUE _dEG-ScBUE |
||
| 082 | 0 | 4 |
_a519.5 _bWEI _222 |
| 100 | 1 |
_aWeiss, N. A., _eauthor. _934641 |
|
| 245 | 1 | 0 |
_aElementary statistics / _cNeil A. Weiss, Department of Mathematics and Statistics, Arizona State University. |
| 250 | _aSeventh edition. | ||
| 250 | _aPearson International edition. | ||
| 264 | 1 |
_aSan Francisco : _bPearson Addison-Wesley, _c[2008] |
|
| 264 | 4 | _cc2008 | |
| 300 |
_a1 volume (various pagings) : _bcolor illustrations ; _c27 cm + _e1 CD |
||
| 336 |
_2rdacontent _atext _btxt |
||
| 336 |
_2rdacontent _asounds _bsnd |
||
| 337 |
_aunmediated _2rdamedia _bn |
||
| 337 |
_aaudio _2rdamedia _bs |
||
| 338 |
_avolume _bnc _2rdacarrier |
||
| 338 |
_acomputer disc _bcd _2rdacarrier |
||
| 500 | _aIncludes index. | ||
| 650 | 7 |
_aStatistics. _2BUEsh |
|
| 651 | _2BUEsh | ||
| 653 | _cAugust2015 | ||
| 655 | _vReading book | ||
| 942 |
_cBB _2ddc |
||
| 999 |
_c8880 _d8880 |
||